Genova

সংরক্ষণ করুন:
গ্রন্থ-পঞ্জীর বিবরন
প্রধান লেখক: Montobbio, Fabio
বিন্যাস: গ্রন্থ
ভাষা:ইংরেজি
প্রকাশিত: Genova Sagep 2001
ট্যাগগুলো: ট্যাগ যুক্ত করুন
কোনো ট্যাগ নেই, প্রথমজন হিসাবে ট্যাগ করুন!

MARC

LEADER 00000nam a2200000 4500
005 20240227154950.0
008 240227b |||||||| |||| 00| 0 eng d
020 |a 8863730005 
040 |c C 
100 |a Montobbio, Fabio 
245 |a Genova 
260 |a Genova  |b Sagep  |c 2001 
942 |2 ddc  |c BK  |n 0 
952 |0 0  |1 0  |2 ddc  |4 0  |6 914_518200000000000_MON_GEN  |7 1  |9 759  |a GE  |b GE  |d 2023-12-20  |l 0  |o 914.5182 MON GEN  |p 5031  |r 2024-02-27 15:50:29  |w 2024-02-27  |y BK 
999 |c 712  |d 712